Normal view MARC view

Entry Topical Term

Number of records used in: 1

001 - CONTROL NUMBER

  • control field: 41130

003 - CONTROL NUMBER IDENTIFIER

  • control field: OSt

005 - DATE AND TIME OF LATEST TRANSACTION

  • control field: 20231020144941.0

008 - FIXED-LENGTH DATA ELEMENTS

  • fixed length control field: 231020|| aca||aabn | a|a d

040 ## - CATALOGING SOURCE

  • Original cataloging agency: OSt
  • Transcribing agency: OSt

150 ## - HEADING--TOPICAL TERM

  • Topical term or geographic name entry element: Urban poverty, Sustainable livelihoods, National urban livelihood mission.

670 ## - SOURCE DATA FOUND

  • Source citation: Work cat.: (OSt): Nagesulhasini, R. and Imajyothi, V. 41129, Unleashing entrepreneurial capabilities of urban poor: The avenues in day-NULA

Powered by Koha